000 00526nam a2200133Ia 4500
005 20260209120138.0
008 260209s9999||||xx |||||||||||||| ||und||
100 _aIsra Zaidi
245 0 _aExamining legal discourse and analysis of the case of triple talaq in India : need to abolish triple talaq in India
260 _aBangaloreBangalore
_bNLSIU
_c2017
300 _a178 p. ; 25 cm.
700 _aProf. (Dr.) Sarasu E Thomas - GuideProf. (Dr.) Sarasu E Thomas - Guide
856 _uhttps://dans.nls.ac.in/handle/123456789/1624
999 _c217307
_d217307